LEADER 01455nam a2200241 i 4500 001 000000160626 003 CaOOAMICUS 005 20070403000000.0 008 070403s1974 it u000 u ita u 013 $a137989 040 $aSeMil$bita 100 1 $aMollia, Franco.$0(OLS)http://semarc/name/341 245 10$aInterpretazioni sociologiche della letteratura :$bun saggio introduttivo con i confronti antologici da B. Malinowski, A. Gramsci, G.A. Miller, A. Pagliaro, G. Braga, L.L. Schücking, G. Della Volpe, A. Hauser, L. Goldamann, R. Luperini, P. Macherey, J.-P. Sartre, E. B. Burgum, M. Spinella /$cdi Franco Mollia. 260 $aMessina ; Firenze :$bD'Anna,$c(Stampa 1974) 300 $a188 p. ;$c21 cm. 490 0 $aTangenti : proposte e verifiche culturali ;$v22 500 $aContiene : Bibliografia. 830 0$aTangenti ;$v22.$0(OLS)http://semarc/title/10577 850 $aSeMil 852 $aSeMil$W1$xVenegono$y1$m1B II 152$j112081$B112081$CSeMilBibl$Z2$F122464 $81 961 $aOmaggio: Ghiringhelli prof. Livio 996 $6245$aInterpretazioni sociologiche della letteratura :$bun saggio introduttivo con i confronti antologici da B. Malinowski, A. Gramsci, G.A. Miller, A. Pagliaro, G. Braga, L.L. Schücking, G. Della Volpe, A. Hauser, L. Goldamann, R. Luperini, P. Macherey, J.-P. Sartre, E. B. Burgum, M. Spinella$9(OLS)http://semarc/title/143363 996 $6260$aMessina ; Firenze :$bD'Anna$9(OLS)http://semarc/publisher/30286 LEADER 01419nam a2200265 i 4500 001 000000195032 003 CaOOAMICUS 005 20250610105100.0 008 101129s1786 it u000 u ita u 013 $a173693 026 $ao.el a.o- eln- 5.pr (3) 1786 (A) 040 $aSeMil$bita 100 1 $aCazzola, Giovanni,$c.$0(OLS)http://semarc/name/70787 245 10$aApologia dell'opuscolo sulla comunione eucaristica delle ferie seste di quaresima nelle chiese del rito ambrosiano, o risposta, ed annotazioni ad un breve esame di un anonimo. Impresso recentemente al Malcantone di Milano. 260 $aLugano :$bper gli Agnelli,$c1786. 300 $a73, [3] p. ;$c8°. 500 $aIl nome delll'A. compare a p. [3]. 650 4$aQuaresima - Rito ambrosiano.$0(OLS)http://semarc/subject/5129 700 1 $aAgnelli$b.$0(OLS)http://semarc/name/14651 773 0 $t[Miscellanea.$w()23460 850 $aSeMil 852 $aSeMil$W1$xVenegono$y1$m5A I 1/8 FA$j145601$B145601$CSeMilBibl$Z2$F157178 $8I 996 $6245$aApologia dell'opuscolo sulla comunione eucaristica delle ferie seste di quaresima nelle chiese del rito ambrosiano, o risposta, ed annotazioni ad un breve esame di un anonimo. Impresso recentemente al Malcantone di Milano$9(OLS)http://semarc/title/281262 996 $6260$aLugano :$bper gli Agnelli$9(OLS)http://semarc/publisher/50682